Palabras que empiezan con X - Estadísticas

Estadísticas generales
  • Esta prueba ha sido intentada 44 veces
  • La puntuación promedio es 4 de 8
Estadísticas de respuestas
Definición Palabra % Correcto
Decimocuarta letra del alfabeto griego X{i}
98%
Odio o miedo a los extranjeros X{enofobia}
93%
Instrumentos de percusión de madera X{ilófono}
86%
Gas inerte de la tabla periódica X{enón}
70%
Acumulación de lípidos en la piel X{antoma}
11%
Grabar imágenes en madera X{erografiar}
2%
Semejante a una espada X{ifoideo}
2%
Instrumentos de percusión de madera (2/2) X{ilórgano}
2%
No se encontraron pruebas coincidentes
Distribución de puntuación
Porcentaje de gente con cada puntuación
Porcentaje por número respondido
Historial de tus puntuaciones
No has intentado esta prueba.